[Event "Королевский Гамбит. Южный Федеральный округ."]
[Date "2025-11-21"]
[Round "6.1"]
[Board "1"]
[White "Шалай Мирослав"]
[WhiteElo "1037"]
[Black "Твердов Ратмир"]
[BlackElo "1047"]
[WebSite "https://www.chessopen.ru"]
[GameId "b0c53cdc-ae88-4bfa-abee-1b6ed27a8e90"]
[Result "0-1"]

1. d4 { [%clk 0:09:58] } Nf6 { [%clk 0:10:01] } 2. Bf4 { [%clk 0:09:59] } d5 {
[%clk 0:10:01] } 3. e3 { [%clk 0:09:58] } c5 { [%clk 0:10:01] } 4. Nf3 { [%clk
0:09:52] } Bg4 { [%clk 0:09:56] } 5. h3 { [%clk 0:09:46] } Bxf3 { [%clk
0:09:57] } 6. Qxf3 { [%clk 0:09:41] } Nc6 { [%clk 0:09:58] } 7. Bd3 { [%clk
0:09:34] } cxd4 { [%clk 0:09:37] } 8. exd4 { [%clk 0:09:30] } Nxd4 { [%clk
0:09:37] } 9. Qd1 { [%clk 0:09:27] } Nc6 { [%clk 0:09:36] } 10. Bb5 { [%clk
0:09:24] } e6 { [%clk 0:09:32] } 11. Be5 { [%clk 0:09:19] } Bd6 { [%clk
0:09:28] } 12. Bxd6 { [%clk 0:09:16] } Qxd6 { [%clk 0:09:28] } 13. O-O { [%clk
0:09:05] } O-O { [%clk 0:09:27] } 14. Nc3 { [%clk 0:08:57] } a6 { [%clk
0:09:21] } 15. Ba4 { [%clk 0:08:55] } b5 { [%clk 0:09:08] } 16. Bb3 { [%clk
0:08:52] } Rad8 { [%clk 0:09:07] } 17. Ne2 { [%clk 0:08:39] } e5 { [%clk
0:08:53] } 18. a4 { [%clk 0:08:30] } d4 { [%clk 0:08:34] } 19. Ng3 { [%clk
0:08:20] } e4 { [%clk 0:07:56] } 20. axb5 { [%clk 0:08:06] } axb5 { [%clk
0:07:56] } 21. Ra6 { [%clk 0:08:02] } Qc5 { [%clk 0:07:55] } 22. Ra5 { [%clk
0:07:38] } Nxa5 { [%clk 0:07:37] } 0-1

[Event "Королевский Гамбит. Южный Федеральный округ."]
[Date "2025-11-21"]
[Round "6.2"]
[Board "2"]
[White "Данильченко Борис"]
[WhiteElo "971"]
[Black "Дьяченко Владислав"]
[BlackElo "981"]
[WebSite "https://www.chessopen.ru"]
[GameId "d2e27603-bf5b-4729-a06c-4d5166a61a89"]
[Result "1/2-1/2"]

1. e4 { [%clk 0:09:57] } e5 { [%clk 0:10:01] } 2. Nf3 { [%clk 0:09:52] } Nc6 {
[%clk 0:09:59] } 3. Nc3 { [%clk 0:09:51] } Nf6 { [%clk 0:10:00] } 4. Bb5 {
[%clk 0:09:41] } d6 { [%clk 0:09:58] } 5. Bxc6+ { [%clk 0:09:39] } bxc6 { [%clk
0:09:58] } 6. d3 { [%clk 0:09:40] } Bg4 { [%clk 0:09:56] } 7. Bg5 { [%clk
0:09:33] } d5 { [%clk 0:09:54] } 8. Bxf6 { [%clk 0:09:31] } gxf6 { [%clk
0:09:51] } 9. Kf1 { [%clk 0:09:20] } dxe4 { [%clk 0:09:49] } 10. dxe4 { [%clk
0:09:18] } f5 { [%clk 0:09:49] } 11. Qxd8+ { [%clk 0:09:07] } Kxd8 { [%clk
0:09:48] } 12. exf5 { [%clk 0:09:06] } Bxf5 { [%clk 0:09:46] } 13. Rd1+ { [%clk
0:08:56] } Bd6 { [%clk 0:09:35] } 14. Ng5 { [%clk 0:08:52] } Bxc2 { [%clk
0:09:28] } 15. Nxf7+ { [%clk 0:08:52] } Ke8 { [%clk 0:09:23] } 16. Nxh8 { [%clk
0:08:50] } Bxd1 { [%clk 0:09:24] } 17. Nxd1 { [%clk 0:08:47] } Kd7 { [%clk
0:09:21] } 18. Ne3 { [%clk 0:08:43] } Rxh8 { [%clk 0:09:21] } 19. Nf5 { [%clk
0:08:40] } Ke6 { [%clk 0:09:17] } 20. Nxd6 { [%clk 0:08:41] } Kxd6 { [%clk
0:09:19] } 21. Ke2 { [%clk 0:08:41] } e4 { [%clk 0:09:17] } 22. Rd1+ { [%clk
0:08:41] } Ke6 { [%clk 0:09:17] } 23. Rd4 { [%clk 0:08:35] } Kf5 { [%clk
0:09:15] } 24. Ra4 { [%clk 0:08:33] } c5 { [%clk 0:09:15] } 25. Rxa7 { [%clk
0:08:32] } c6 { [%clk 0:09:15] } 26. Rc7 { [%clk 0:08:32] } c4 { [%clk 0:09:08]
} 27. Rxc6 { [%clk 0:08:30] } Rf8 { [%clk 0:09:04] } 28. Rxc4 { [%clk 0:08:27]
} Re8 { [%clk 0:09:02] } 29. Ke3 { [%clk 0:08:26] } h6 { [%clk 0:08:59] } 30.
Rxe4 { [%clk 0:08:25] } Rxe4+ { [%clk 0:08:56] } 31. Kd3 { [%clk 0:08:21] } Rh4
{ [%clk 0:08:57] } 32. a3 { [%clk 0:08:21] } Rxh2 { [%clk 0:08:58] } 33. b4 {
[%clk 0:08:18] } Rxg2 { [%clk 0:08:58] } 34. b5 { [%clk 0:08:19] } Rxf2 { [%clk
0:08:59] } 35. b6 { [%clk 0:08:20] } Rb2 { [%clk 0:08:59] } 36. a4 { [%clk
0:08:16] } Rxb6 { [%clk 0:09:00] } 37. a5 { [%clk 0:08:16] } Ra6 { [%clk
0:08:59] } 38. Ke3 { [%clk 0:08:15] } Rxa5 { [%clk 0:09:00] } 39. Kf3 { [%clk
0:08:16] } h5 { [%clk 0:09:01] } 40. Kg3 { [%clk 0:08:17] } Kg5 { [%clk
0:08:54] } 41. Kh3 { [%clk 0:08:14] } h4 { [%clk 0:08:55] } 42. Kh2 { [%clk
0:08:12] } Kg4 { [%clk 0:08:54] } 43. Kg2 { [%clk 0:08:13] } h3+ { [%clk
0:08:55] } 44. Kh2 { [%clk 0:08:13] } Kh4 { [%clk 0:08:48] } 45. Kg1 { [%clk
0:08:04] } Kg3 { [%clk 0:08:47] } 46. Kh1 { [%clk 0:08:04] } h2 { [%clk
0:08:48] } 1/2-1/2

[Event "Королевский Гамбит. Южный Федеральный округ."]
[Date "2025-11-21"]
[Round "6.2"]
[Board "2"]
[White "Забелло Дмитрий"]
[WhiteElo "981"]
[Black "Рочвак Артём"]
[BlackElo "1018"]
[WebSite "https://www.chessopen.ru"]
[GameId "c64f6545-5273-4d26-9e2b-4fb9e9b1dd35"]
[Result "0-1"]

1. e4 { [%clk 0:09:57] } e5 { [%clk 0:09:59] } 2. Bc4 { [%clk 0:09:53] } Nf6 {
[%clk 0:09:57] } 3. Bb3 { [%clk 0:09:51] } Nc6 { [%clk 0:09:57] } 4. Qe2 {
[%clk 0:09:44] } Nd4 { [%clk 0:09:53] } 5. Qc4 { [%clk 0:09:44] } Nxb3 { [%clk
0:09:48] } 6. Qxb3 { [%clk 0:09:43] } Bd6 { [%clk 0:09:49] } 7. Nf3 { [%clk
0:09:37] } Nxe4 { [%clk 0:09:40] } 8. O-O { [%clk 0:09:28] } O-O { [%clk
0:09:36] } 9. Qc4 { [%clk 0:09:15] } Nf6 { [%clk 0:09:28] } 10. Qe4 { [%clk
0:09:06] } Nxe4 { [%clk 0:09:24] } 11. Re1 { [%clk 0:08:34] } Nf6 { [%clk
0:08:49] } 0-1

[Event "Королевский Гамбит. Южный Федеральный округ."]
[Date "2025-11-21"]
[Round "6.2"]
[Board "2"]
[White "Кобызев Артём"]
[WhiteElo "954"]
[Black "Харьковский Назар"]
[BlackElo "1010"]
[WebSite "https://www.chessopen.ru"]
[GameId "da098a73-7424-45dc-a076-04aa8b465e49"]
[Result "1-0"]

1. e4 { [%clk 0:09:57] } e5 { [%clk 0:10:01] } 2. Nf3 { [%clk 0:09:58] } Nc6 {
[%clk 0:10:02] } 3. Nc3 { [%clk 0:09:58] } Bb4 { [%clk 0:10:01] } 4. a3 { [%clk
0:09:54] } Bxc3 { [%clk 0:10:03] } 5. bxc3 { [%clk 0:09:54] } Nf6 { [%clk
0:10:04] } 6. d4 { [%clk 0:09:40] } Nxe4 { [%clk 0:10:02] } 7. dxe5 { [%clk
0:09:30] } Nxc3 { [%clk 0:10:01] } 8. Qd3 { [%clk 0:09:21] } Na4 { [%clk
0:09:48] } 9. Qb5 { [%clk 0:09:13] } Nb6 { [%clk 0:09:31] } 10. e6 { [%clk
0:09:07] } fxe6 { [%clk 0:09:23] } 11. Ng5 { [%clk 0:09:03] } O-O { [%clk
0:09:14] } 12. Bc4 { [%clk 0:08:59] } a6 { [%clk 0:09:04] } 13. Qb3 { [%clk
0:08:38] } Nxc4 { [%clk 0:08:59] } 14. Qxc4 { [%clk 0:08:29] } Qf6 { [%clk
0:08:58] } 15. Qa2 { [%clk 0:08:12] } Qxf2+ { [%clk 0:08:59] } 16. Kd1 { [%clk
0:08:02] } Kh8 { [%clk 0:08:48] } 17. Ne4 { [%clk 0:07:55] } Qf7 { [%clk
0:08:43] } 18. Ng5 { [%clk 0:07:40] } Qf5 { [%clk 0:08:35] } 19. Qb2 { [%clk
0:07:22] } Qg4+ { [%clk 0:08:17] } 20. Nf3 { [%clk 0:07:16] } e5 { [%clk
0:08:06] } 21. h3 { [%clk 0:07:07] } Qxg2 { [%clk 0:07:54] } 22. Rg1 { [%clk
0:07:01] } Qxg1+ { [%clk 0:07:51] } 23. Nxg1 { [%clk 0:06:55] } Rf1+ { [%clk
0:07:51] } 24. Ke2 { [%clk 0:06:44] } Rxg1 { [%clk 0:07:48] } 25. Kf2 { [%clk
0:06:37] } Rg6 { [%clk 0:07:48] } 26. Qb3 { [%clk 0:06:36] } Nd4 { [%clk
0:07:45] } 27. Qf7 { [%clk 0:06:13] } Rf6+ { [%clk 0:07:38] } 28. Qxf6 { [%clk
0:06:05] } gxf6 { [%clk 0:07:39] } 29. Bh6 { [%clk 0:06:01] } Nxc2 { [%clk
0:07:32] } 30. Rg1 { [%clk 0:05:58] } Nxa3 { [%clk 0:07:24] } 31. Rg7 { [%clk
0:05:54] } a5 { [%clk 0:07:20] } 32. Rf7 { [%clk 0:05:50] } Kg8 { [%clk
0:07:13] } 33. Rf8# { [%clk 0:05:47] } 1-0

[Event "Королевский Гамбит. Южный Федеральный округ."]
[Date "2025-11-21"]
[Round "6.2"]
[Board "2"]
[White "Коростылев Марк"]
[WhiteElo "1008"]
[Black "Игнатьев Тимофей"]
[BlackElo "961"]
[WebSite "https://www.chessopen.ru"]
[GameId "9f7e26e4-e5d4-4de2-a9d9-0113665e3576"]
[Result "1-0"]

1. e4 { [%clk 0:10:00] } e6 { [%clk 0:10:00] } 2. Nf3 { [%clk 0:10:01] } Bc5 {
[%clk 0:09:59] } 3. Nc3 { [%clk 0:10:00] } Bb6 { [%clk 0:10:00] } 4. Bc4 {
[%clk 0:09:58] } Qe7 { [%clk 0:10:00] } 5. d3 { [%clk 0:09:55] } Qc5 { [%clk
0:10:01] } 6. O-O { [%clk 0:09:49] } Qe7 { [%clk 0:09:48] } 7. Ng5 { [%clk
0:09:40] } Nf6 { [%clk 0:09:51] } 8. Nb5 { [%clk 0:09:27] } O-O { [%clk
0:09:37] } 9. e5 { [%clk 0:09:17] } Nh5 { [%clk 0:09:36] } 10. Qxh5 { [%clk
0:09:12] } g6 { [%clk 0:09:35] } 11. Qxh7# { [%clk 0:09:10] } 1-0

[Event "Королевский Гамбит. Южный Федеральный округ."]
[Date "2025-11-21"]
[Round "6.2"]
[Board "2"]
[White "Краль Ян"]
[WhiteElo "1047"]
[Black "Гончаров Никита"]
[BlackElo "1027"]
[WebSite "https://www.chessopen.ru"]
[GameId "ecbef21c-7570-4296-83dc-b6d041157517"]
[Result "1-0"]

1. e4 { [%clk 0:09:58] } e5 { [%clk 0:09:59] } 2. Nf3 { [%clk 0:09:59] } Nc6 {
[%clk 0:10:00] } 3. d4 { [%clk 0:10:01] } exd4 { [%clk 0:10:00] } 4. Nxd4 {
[%clk 0:10:03] } Bc5 { [%clk 0:10:00] } 5. Nb3 { [%clk 0:10:03] } Bb6 { [%clk
0:10:01] } 6. Nc3 { [%clk 0:10:01] } Qf6 { [%clk 0:10:00] } 7. Qe2 { [%clk
0:10:00] } Nge7 { [%clk 0:09:57] } 8. f3 { [%clk 0:09:53] } d6 { [%clk 0:09:45]
} 9. Be3 { [%clk 0:09:51] } Be6 { [%clk 0:09:40] } 10. a3 { [%clk 0:09:46] }
Bxb3 { [%clk 0:09:35] } 11. cxb3 { [%clk 0:09:49] } Ba5 { [%clk 0:09:35] } 12.
b4 { [%clk 0:09:41] } Bb6 { [%clk 0:09:28] } 13. g3 { [%clk 0:09:30] } Nd4 {
[%clk 0:09:12] } 14. Bxd4 { [%clk 0:09:29] } Bxd4 { [%clk 0:09:11] } 15. Rc1 {
[%clk 0:09:23] } O-O-O { [%clk 0:08:48] } 16. Nb5 { [%clk 0:09:20] } Nc6 {
[%clk 0:08:32] } 17. b3 { [%clk 0:09:14] } a6 { [%clk 0:08:27] } 18. Nxd4 {
[%clk 0:09:14] } Nxd4 { [%clk 0:08:27] } 19. Qc4 { [%clk 0:08:38] } Rd7 { [%clk
0:08:12] } 20. f4 { [%clk 0:08:33] } Nf3+ { [%clk 0:08:04] } 21. Kf2 { [%clk
0:08:28] } Nd4 { [%clk 0:07:48] } 22. Bh3 { [%clk 0:08:00] } Ne6 { [%clk
0:07:44] } 23. Rcd1 { [%clk 0:07:35] } Re7 { [%clk 0:07:12] } 24. Rxd6 { [%clk
0:07:11] } Qb2+ { [%clk 0:07:05] } 25. Kf3 { [%clk 0:07:04] } Qf6 { [%clk
0:06:42] } 26. e5 { [%clk 0:06:48] } Qg6 { [%clk 0:05:59] } 27. f5 { [%clk
0:06:26] } Ng5+ { [%clk 0:05:44] } 28. Kg2 { [%clk 0:06:21] } Qh5 { [%clk
0:05:16] } 29. Bg4 { [%clk 0:06:00] } Rxe5 { [%clk 0:04:46] } 30. Bxh5 { [%clk
0:06:00] } Rhe8 { [%clk 0:04:42] } 31. Rd4 { [%clk 0:05:43] } Rxf5 { [%clk
0:04:24] } 32. Bg4 { [%clk 0:05:22] } g6 { [%clk 0:04:14] } 33. Bxf5+ { [%clk
0:05:21] } gxf5 { [%clk 0:04:16] } 34. Rhd1 { [%clk 0:05:17] } Ne4 { [%clk
0:04:10] } 35. Rd7 { [%clk 0:05:07] } c6 { [%clk 0:04:04] } 36. Qxf7 { [%clk
0:05:04] } Nd6 { [%clk 0:03:43] } 37. R1xd6 { [%clk 0:04:56] } Re2+ { [%clk
0:03:42] } 38. Kf3 { [%clk 0:04:31] } Rxh2 { [%clk 0:03:39] } 1-0

[Event "Королевский Гамбит. Южный Федеральный округ."]
[Date "2025-11-21"]
[Round "6.2"]
[Board "2"]
[White "Хачатуров Илья"]
[WhiteElo "1030"]
[Black "Любимов Иван"]
[BlackElo "999"]
[WebSite "https://www.chessopen.ru"]
[GameId "d9a3f3eb-1914-4fd8-b53f-8939182f16c8"]
[Result "1-0"]

1. d4 { [%clk 0:09:49] } d5 { [%clk 0:09:56] } 2. c4 { [%clk 0:09:49] } c5 {
[%clk 0:09:55] } 3. cxd5 { [%clk 0:09:48] } cxd4 { [%clk 0:09:55] } 4. Qxd4 {
[%clk 0:09:48] } Be6 { [%clk 0:09:47] } 5. Nc3 { [%clk 0:09:35] } Nc6 { [%clk
0:09:43] } 6. Qd1 { [%clk 0:09:30] } b6 { [%clk 0:09:09] } 7. dxc6 { [%clk
0:09:27] } Qd7 { [%clk 0:09:10] } 8. cxd7+ { [%clk 0:09:23] } Bxd7 { [%clk
0:09:07] } 9. e3 { [%clk 0:09:22] } h5 { [%clk 0:09:05] } 10. Nf3 { [%clk
0:09:23] } Bg4 { [%clk 0:09:06] } 11. Bb5+ { [%clk 0:09:24] } Bd7 { [%clk
0:08:58] } 12. Qxd7# { [%clk 0:09:23] } 1-0

[Event "Королевский Гамбит. Южный Федеральный округ."]
[Date "2025-11-21"]
[Round "6.3"]
[Board "3"]
[White "Бездорожный Мирослав"]
[WhiteElo "982"]
[Black "Крутых София"]
[BlackElo "1000"]
[WebSite "https://www.chessopen.ru"]
[GameId "38fea10e-85b3-4394-be19-7d571a205d0a"]
[Result "1-0"]

1. e4 { [%clk 0:10:00] } e5 { [%clk 0:10:00] } 2. Nf3 { [%clk 0:10:01] } Nf6 {
[%clk 0:10:02] } 3. Nc3 { [%clk 0:10:02] } Nc6 { [%clk 0:10:02] } 4. d3 { [%clk
0:10:00] } h6 { [%clk 0:10:01] } 5. a3 { [%clk 0:09:59] } Bc5 { [%clk 0:09:56]
} 6. Be2 { [%clk 0:09:59] } d6 { [%clk 0:09:38] } 7. O-O { [%clk 0:10:00] } Bg4
{ [%clk 0:09:26] } 8. h3 { [%clk 0:09:59] } Bxf3 { [%clk 0:09:26] } 9. Bxf3 {
[%clk 0:10:01] } O-O { [%clk 0:09:26] } 10. Bh5 { [%clk 0:10:00] } Nxh5 { [%clk
0:09:16] } 11. Qxh5 { [%clk 0:09:57] } Nd4 { [%clk 0:08:57] } 12. b3 { [%clk
0:09:36] } Nxc2 { [%clk 0:08:57] } 13. Rb1 { [%clk 0:09:34] } a6 { [%clk
0:08:53] } 14. Rb2 { [%clk 0:09:32] } Nd4 { [%clk 0:08:51] } 15. b4 { [%clk
0:09:30] } Bb6 { [%clk 0:08:48] } 16. Nd5 { [%clk 0:09:26] } Rb8 { [%clk
0:08:32] } 17. Nxb6 { [%clk 0:09:26] } cxb6 { [%clk 0:08:31] } 18. Be3 { [%clk
0:09:21] } Nb5 { [%clk 0:08:28] } 19. a4 { [%clk 0:09:11] } Na7 { [%clk
0:08:26] } 20. d4 { [%clk 0:09:05] } exd4 { [%clk 0:08:26] } 21. Bxd4 { [%clk
0:09:05] } Qd7 { [%clk 0:08:22] } 22. Qh4 { [%clk 0:08:54] } Rbd8 { [%clk
0:08:22] } 23. Qg3 { [%clk 0:08:48] } g6 { [%clk 0:08:17] } 24. Bc3 { [%clk
0:08:23] } d5 { [%clk 0:08:16] } 25. exd5 { [%clk 0:08:16] } Qxd5 { [%clk
0:08:14] } 26. Rd2 { [%clk 0:08:13] } Qe6 { [%clk 0:07:49] } 27. Rxd8 { [%clk
0:08:05] } Rxd8 { [%clk 0:07:46] } 28. Ba1 { [%clk 0:07:35] } Qa2 { [%clk
0:07:35] } 29. Qc3 { [%clk 0:07:29] } Kf8 { [%clk 0:07:30] } 30. Qf3 { [%clk
0:07:01] } Qxa4 { [%clk 0:07:25] } 31. Bc3 { [%clk 0:06:50] } Nb5 { [%clk
0:07:19] } 32. Be1 { [%clk 0:06:41] } a5 { [%clk 0:07:10] } 33. Qxb7 { [%clk
0:06:33] } Nd6 { [%clk 0:07:06] } 34. Qxb6 { [%clk 0:06:19] } Nc4 { [%clk
0:07:00] } 35. Qxd8+ { [%clk 0:06:13] } Kg7 { [%clk 0:06:56] } 36. Bc3+ { [%clk
0:06:07] } f6 { [%clk 0:06:39] } 37. Qxf6+ { [%clk 0:06:04] } Kg8 { [%clk
0:06:34] } 38. Qg7# { [%clk 0:06:01] } 1-0

[Event "Королевский Гамбит. Южный Федеральный округ."]
[Date "2025-11-21"]
[Round "6.3"]
[Board "3"]
[White "Кравчук Сергей"]
[WhiteElo "971"]
[Black "Гладышев Константин"]
[BlackElo "1028"]
[WebSite "https://www.chessopen.ru"]
[GameId "84ac5ee7-f08a-4f54-bd57-661ade1cafd9"]
[Result "0-1"]

1. e4 { [%clk 0:10:00] } e5 { [%clk 0:10:01] } 2. Qh5 { [%clk 0:09:57] } Nc6 {
[%clk 0:09:53] } 3. Bc4 { [%clk 0:09:55] } g6 { [%clk 0:09:54] } 4. Qd1 { [%clk
0:09:52] } Nf6 { [%clk 0:09:56] } 5. d3 { [%clk 0:09:50] } Bb4+ { [%clk
0:09:52] } 6. c3 { [%clk 0:09:50] } Bc5 { [%clk 0:09:53] } 7. b4 { [%clk
0:09:51] } Bb6 { [%clk 0:09:54] } 8. b5 { [%clk 0:09:48] } Na5 { [%clk 0:09:55]
} 9. Qg4 { [%clk 0:09:38] } Nxg4 { [%clk 0:09:56] } 10. f3 { [%clk 0:09:39] }
Nf2 { [%clk 0:09:57] } 11. Ne2 { [%clk 0:09:27] } Nxh1 { [%clk 0:09:58] } 12.
Bg5 { [%clk 0:09:27] } Qxg5 { [%clk 0:09:57] } 13. Ng3 { [%clk 0:09:25] } Nxc4
{ [%clk 0:09:58] } 14. Nd2 { [%clk 0:09:22] } Qxd2+ { [%clk 0:09:53] } 15. Kf1
{ [%clk 0:09:19] } Ne3+ { [%clk 0:09:54] } 16. Kg1 { [%clk 0:09:19] } Qxg2# {
[%clk 0:09:55] } 0-1

[Event "Королевский Гамбит. Южный Федеральный округ."]
[Date "2025-11-21"]
[Round "6.3"]
[Board "3"]
[White "Курочкин Артём"]
[WhiteElo "999"]
[Black "Коновалов Владислав"]
[BlackElo "1018"]
[WebSite "https://www.chessopen.ru"]
[GameId "42c48db6-7459-4314-9745-f022f178b3bf"]
[Result "1-0"]

1. e4 { [%clk 0:09:58] } c5 { [%clk 0:09:58] } 2. Nf3 { [%clk 0:09:58] } Nc6 {
[%clk 0:09:56] } 3. Be2 { [%clk 0:09:38] } g6 { [%clk 0:09:47] } 4. O-O { [%clk
0:09:22] } Bg7 { [%clk 0:09:47] } 5. Bc4 { [%clk 0:09:08] } d6 { [%clk 0:09:41]
} 6. Ng5 { [%clk 0:09:04] } e6 { [%clk 0:09:27] } 7. d3 { [%clk 0:08:40] } Bxb2
{ [%clk 0:08:55] } 8. Bxb2 { [%clk 0:08:36] } Qxg5 { [%clk 0:08:53] } 9. Bxh8 {
[%clk 0:08:34] } Na5 { [%clk 0:08:48] } 10. Nd2 { [%clk 0:08:18] } f6 { [%clk
0:08:29] } 11. f4 { [%clk 0:07:58] } Qh4 { [%clk 0:08:10] } 12. g3 { [%clk
0:07:48] } Qh3 { [%clk 0:08:03] } 13. Qf3 { [%clk 0:07:37] } e5 { [%clk
0:06:37] } 14. fxe5 { [%clk 0:07:35] } Ne7 { [%clk 0:06:26] } 15. exd6 { [%clk
0:07:19] } Nec6 { [%clk 0:06:18] } 16. Qxf6 { [%clk 0:06:45] } Bg4 { [%clk
0:05:57] } 17. Qf7+ { [%clk 0:06:31] } Kd8 { [%clk 0:05:52] } 18. Bf6+ { [%clk
0:06:20] } Kc8 { [%clk 0:05:49] } 19. Qc7# { [%clk 0:06:20] } 1-0

[Event "Королевский Гамбит. Южный Федеральный округ."]
[Date "2025-11-21"]
[Round "6.3"]
[Board "3"]
[White "Моисеенко Александр"]
[WhiteElo "1048"]
[Black "Дружинин Артём"]
[BlackElo "1021"]
[WebSite "https://www.chessopen.ru"]
[GameId "4a68448b-e466-456d-882d-951ed512cf3f"]
[Result "1-0"]

1. e4 { [%clk 0:10:01] } c6 { [%clk 0:09:58] } 2. d4 { [%clk 0:10:02] } d5 {
[%clk 0:09:54] } 3. exd5 { [%clk 0:10:02] } cxd5 { [%clk 0:09:54] } 4. Bd3 {
[%clk 0:10:02] } Nf6 { [%clk 0:09:48] } 5. h3 { [%clk 0:09:53] } g6 { [%clk
0:09:48] } 6. Nf3 { [%clk 0:09:54] } Bg7 { [%clk 0:09:34] } 7. O-O { [%clk
0:09:41] } O-O { [%clk 0:09:31] } 8. c3 { [%clk 0:09:37] } Re8 { [%clk 0:09:12]
} 9. Nbd2 { [%clk 0:09:04] } Nbd7 { [%clk 0:09:11] } 10. Nb3 { [%clk 0:08:51] }
e5 { [%clk 0:08:07] } 11. Bc2 { [%clk 0:08:46] } e4 { [%clk 0:07:45] } 12. Nh2
{ [%clk 0:08:40] } b6 { [%clk 0:07:07] } 13. f3 { [%clk 0:08:08] } e3 { [%clk
0:06:30] } 14. Re1 { [%clk 0:08:07] } a5 { [%clk 0:06:09] } 15. Bxe3 { [%clk
0:07:47] } a4 { [%clk 0:06:05] } 16. Nd2 { [%clk 0:07:25] } b5 { [%clk 0:05:38]
} 17. Bg5 { [%clk 0:07:12] } h6 { [%clk 0:05:32] } 18. Bxf6 { [%clk 0:07:02] }
Rxe1+ { [%clk 0:05:14] } 19. Qxe1 { [%clk 0:06:25] } Nxf6 { [%clk 0:05:17] }
20. Ng4 { [%clk 0:06:04] } Bxg4 { [%clk 0:05:12] } 21. fxg4 { [%clk 0:06:00] }
Qe8 { [%clk 0:04:47] } 22. Kh2 { [%clk 0:05:46] } h5 { [%clk 0:04:21] } 23.
gxh5 { [%clk 0:05:40] } Nxh5 { [%clk 0:04:14] } 24. g4 { [%clk 0:05:06] } Nf4 {
[%clk 0:03:52] } 25. Qf2 { [%clk 0:04:59] } Qe2 { [%clk 0:03:43] } 26. Qxe2 {
[%clk 0:04:59] } Nxe2 { [%clk 0:03:40] } 27. Re1 { [%clk 0:04:57] } Re8 { [%clk
0:03:38] } 28. Bd3 { [%clk 0:04:51] } Bh6 { [%clk 0:03:25] } 29. Nf3 { [%clk
0:04:30] } Bf4+ { [%clk 0:03:11] } 30. Kg2 { [%clk 0:04:28] } Re3 { [%clk
0:03:01] } 31. Bxe2 { [%clk 0:04:22] } Kg7 { [%clk 0:02:34] } 32. Bxb5 { [%clk
0:04:21] } Rxe1 { [%clk 0:02:26] } 33. Nxe1 { [%clk 0:04:21] } Bc1 { [%clk
0:02:22] } 34. Bxa4 { [%clk 0:04:22] } Bxb2 { [%clk 0:02:20] } 35. Bb3 { [%clk
0:04:23] } Bxc3 { [%clk 0:02:19] } 36. Nc2 { [%clk 0:04:23] } Kf6 { [%clk
0:02:17] } 37. Bxd5 { [%clk 0:04:24] } Ke7 { [%clk 0:02:16] } 38. Kf3 { [%clk
0:04:23] } f6 { [%clk 0:02:16] } 39. Bb3 { [%clk 0:04:20] } Kd6 { [%clk
0:02:16] } 40. Ke4 { [%clk 0:04:14] } Be1 { [%clk 0:01:52] } 41. Nxe1 { [%clk
0:04:14] } Ke7 { [%clk 0:01:50] } 42. a4 { [%clk 0:04:07] } Kd7 { [%clk
0:01:50] } 43. a5 { [%clk 0:04:06] } Kc7 { [%clk 0:01:51] } 44. d5 { [%clk
0:04:08] } Kc8 { [%clk 0:01:49] } 45. a6 { [%clk 0:04:08] } Kb8 { [%clk
0:01:49] } 46. d6 { [%clk 0:04:09] } Kc8 { [%clk 0:01:49] } 47. a7 { [%clk
0:04:06] } Kd7 { [%clk 0:01:49] } 48. a8=Q { [%clk 0:04:05] } 1-0

[Event "Королевский Гамбит. Южный Федеральный округ."]
[Date "2025-11-21"]
[Round "6.3"]
[Board "3"]
[White "Попов Константин"]
[WhiteElo "1010"]
[Black "Панкратов Никита"]
[BlackElo "961"]
[WebSite "https://www.chessopen.ru"]
[GameId "0617bd97-2f9a-4e5b-9f84-55f5f1259b7a"]
[Result "1-0"]

1. e4 { [%clk 0:10:00] } e5 { [%clk 0:09:58] } 2. Nf3 { [%clk 0:10:00] } Nf6 {
[%clk 0:09:56] } 3. Nc3 { [%clk 0:09:57] } Nc6 { [%clk 0:09:48] } 4. Bc4 {
[%clk 0:09:56] } d6 { [%clk 0:09:31] } 5. d3 { [%clk 0:09:53] } Na5 { [%clk
0:09:25] } 6. Bb3 { [%clk 0:09:51] } Nxb3 { [%clk 0:09:24] } 7. axb3 { [%clk
0:09:50] } Bg4 { [%clk 0:09:06] } 8. O-O { [%clk 0:09:51] } Qe7 { [%clk
0:09:00] } 9. h3 { [%clk 0:09:50] } Bxf3 { [%clk 0:08:55] } 10. Qxf3 { [%clk
0:09:49] } O-O-O { [%clk 0:08:36] } 11. Rxa7 { [%clk 0:09:42] } Kb8 { [%clk
0:08:29] } 12. Ra4 { [%clk 0:09:38] } Nd7 { [%clk 0:08:01] } 13. Nb5 { [%clk
0:09:33] } Nc5 { [%clk 0:07:38] } 14. Be3 { [%clk 0:09:32] } Nxa4 { [%clk
0:07:28] } 15. Ba7+ { [%clk 0:09:30] } Ka8 { [%clk 0:07:22] } 16. bxa4 { [%clk
0:09:30] } Qd7 { [%clk 0:07:03] } 17. Nc3 { [%clk 0:09:28] } Kxa7 { [%clk
0:06:56] } 18. Qe3+ { [%clk 0:09:23] } Kb8 { [%clk 0:06:51] } 19. Nb5 { [%clk
0:09:22] } Be7 { [%clk 0:06:40] } 20. Qa7+ { [%clk 0:09:22] } Kc8 { [%clk
0:06:32] } 21. Qa8# { [%clk 0:09:20] } 1-0